000 01224cam a2200349 i 4500
001 18811020
003 OSt
005 20230929112909.0
008 151007s2017 maua b 001 0 eng
010 _a 2015954307
020 _a9789353502522
020 _a9781305657960 (hardback)
020 _a1305657969 (hardback)
040 _aDLC
_beng
_erda
_cDLC
_dDLC
042 _apcc
050 0 0 _aQA162
_b.G34 2017
082 0 0 _a512.02
_bGAL/C
100 _aGallian, Joseph A
_eauthor.
_96599
245 1 0 _aContemporary abstract algebra /
_cJoseph A. Gallian, University of Minnesota Duluth.
250 _aNinth edition.
264 1 _aBoston, MA :
_bCengage Learning,
_c[2017]
300 _axvi, 557, 43 pages :
_billustrations ;
_c24 cm
336 _atext
_btxt
_2rdacontent
337 _aunmediated
_bn
_2rdamedia
338 _avolume
_bnc
_2rdacarrier
504 _aIncludes bibliographical references and indexes.
650 0 _aAlgebra, Abstract.
906 _a7
_bcbc
_corigcop
_d2
_eepcn
_f20
_gy-gencatlg
942 _2ddc
_cBK
_h512.02
_iGAL/C
_k512.02
_mGAL/C
999 _c42397
_d42397